| 000 | 01446cam a2200313 a 4500 | ||
|---|---|---|---|
| 999 |
_c18292 _d18292 |
||
| 008 | 090210s2009 caua b 001 0 eng | ||
| 020 | _a9780892362264 (hbk.) | ||
| 020 | _a089236226X (hbk.) | ||
| 050 | 0 | 0 | _aND653.G7A654 2009 |
| 100 | 1 | _aHelvey, Jennifer. | |
| 245 | 1 | 0 |
_aIrises : _bVincent van Gogh in the garden / _cJennifer Helvey. |
| 260 |
_aLos Angeles : _bJ. Paul Getty Museum, _cc2009. |
||
| 300 |
_a194 p. : _bill. (some col.) ; _c20 cm. |
||
| 504 | _aIncludes bibliographical references and index. | ||
| 505 | 0 | _aAvoidance, solace, and the contemplation of nature -- The iris as subject -- Within and beyond the walls of Saint-Paul-de-Mausole, Saint-Rémy-de-Provence -- A certain point of view. | |
| 600 | 1 | 0 |
_aGogh, Vincent van, _d1853-1890. _tIrises. |
| 600 | 1 | 0 |
_aGogh, Vincent van, _d1853-1890 _xCriticism and interpretation. |
| 942 |
_2lcc _cBOOKS _hND653.G7A654 2009 |
||